000 00885nam a2200193 a 4500
001 000039224
005 20201002031542.0
008 130611s1981 sp 001 0 spa d
020 _a74880432
040 _aDO-SdBNP
_bspa
_cBNPHU
245 0 0 _aTextos y estudios sobre astronomía española en el siglo XIII /
_ceditados por Juan Vernet.
260 _aBarcelona :
_bFacultad de Filosofía y Letras, Universidad Autónoma de Barcelona,
_c1981.
300 _a323 p. ; :
_bil. ;
_c26 cm.
500 _aA la parte superior de la portada: Instituto de Filología. Institución Milá y Fontanals. Consejo Superior de Investigaciones Científicas
546 _aTextos en castellano, llatí, àrabe i catalàn
700 1 _aVernet, Juan
_d1923-2011
_eed.
_965430
710 2 _aUniversidad Autónoma de Barcelona
_965431
710 2 _aInstitució Milà i Fontanals
_bInstituto de Filología
_965432
999 _c38714
_d38714